| 000 | 00395nam a2200157Ia 4500 | ||
|---|---|---|---|
| 003 | GCL | ||
| 008 | 140319s9999 xx 000 0 eng d | ||
| 040 |
_aGCL / _cGCL |
||
| 082 | 0 | 4 |
_a709.1 _bR I |
| 100 | 1 | _aRICE, DEVID IALLORT | |
| 245 | 1 | 0 |
_aISLAMIC ART / _cRICE, DEVID IALLORT |
| 260 |
_a[S.N] : _bTHAMES AND HUDSON ، _c1984 |
||
| 300 | _a288P | ||
| 650 | 0 | 4 | _aISLAM - ARTS |
| 942 |
_2ddc _cBK |
||
| 999 |
_c10251 _d10251 |
||